Statistiques concernant Les capitales les plus orientales d'Asie

Cliquez ici pour prendre le quiz!

Statistiques générales

  • Ce quiz a été pris 4 688 fois
  • Le résultat moyen est 7 sur 10

Statistiques - réponses

LongitudeCapitale% Correct
139°42′ETokyo
98%
116°24′EPékin
95%
126°59′ESéoul
91%
125°44′EPyongyang
82%
120°58′EManille
80%
106°48′EJakarta
79%
121°38′ETaipei
68%
106°55′EOulan-Bator
50%
125°35′EDili
41%
114°57′EBandar Seri Begawan
35%

Distribution des résultats

Percentile par nombre de réponses

% des personnes avec chaque résultat

Votre développement - résultats

Vous n’avez pas pris ce quiz